Szczegóły MARC21

Carl und Gerhart Hauptmann : zwischen regionaler Vereinnahmung und europäischer Perspektivierung /

003 -Nazwa inst., której nr kontr. jest w polu 001 [,]
    • @
    • Nazwa instytucji, której n kontrolny jest w polu 001
    • NUKAT
005 -DATA I CZAS OSTATNIEJ MODYFIKACJI [,]
    • @
    • pole kontrolne
    • 20241231090119.0
020 -Międzynarod. znormalizowany nr książki - ISBN [ , ]
    • a
    • Numer ISBN
    • 9788374321662 Find
    • q
    • Dopowiedzenie
    • Atut
020 -Międzynarod. znormalizowany nr książki - ISBN [ , ]
    • a
    • Numer ISBN
    • 9783934038790 Find
    • q
    • Dopowiedzenie
    • Neisse
040 -Instytucja sporządzająca opis [ , ]
    • a
    • Instytucja, która sporządziła opis (NP)
    • WR U/jlk
    • b
    • Język katalogowania
    • pol
    • e
    • Zasady katalogowania
    • rda
    • c
    • Instytucja, która sporządziła rekord (NP)
    • WR U/jlk
    • d
    • Instytucja, która zmodyfikowała rekord (P)
    • WR U/dl
    • d
    • Instytucja, która zmodyfikowała rekord (P)
    • WA U/JKs
    • d
    • Instytucja, która zmodyfikowała rekord (P)
    • SZCZ U/JS
044 -Kraj miejsca wydania [ , ]
    • a
    • Kraj miejsca wydania
    • Polska
    • a
    • Kraj miejsca wydania
    • Niemcy
942 -Rodzaj dokumentu [ , ]
    • c
    • Rodzaj dokumentu
    • Książka
245 -Strefa tytułu i oznaczenia odpowiedzialności [0,0]
    • a
    • Tytuł
    • Carl und Gerhart Hauptmann : Find
    • b
    • Ciąg dalszy tytułu (NP)
    • zwischen regionaler Vereinnahmung und europäischer Perspektivierung / Find
    • c
    • Pozostałe elementy strefy tytułu i oznaczenia odpowiedzialności (NP)
    • herausgegeben von Edward Białek und Mirosława Czarnecka.
260 -Strefa adresu wydawniczego [ , ]
    • a
    • Miejsce wydania (P)
    • Wrocław :
    • b
    • Nazwa wydawcy (P)
    • Oficyna Wydawnicza "Atut" - Wrocławskie Wydawnictwo Oświatowe ;
    • a
    • Miejsce wydania (P)
    • Dresden :
    • b
    • Nazwa wydawcy (P)
    • Neisse Verlag,
    • c
    • Data wydania (P)
    • 2006.
300 -Strefa opisu fizycznego [ , ]
    • a
    • Określenie formy książki i/lub objętość (NP)
    • 434 strony ;
    • c
    • Format (NP)
    • 24 cm.
336 -Typ zawartości [ , ]
    • a
    • Termin opisujący typ zawartości
    • Tekst
    • b
    • Kod określający zawartość
    • txt
    • 2
    • Źródło (terminu i kodu)
    • rdacontent
337 -Typ mediów [ , ]
    • a
    • Tryb odtwarzania
    • Bez urządzenia pośredniczącego
    • b
    • Kod typu mediów
    • n
    • 2
    • Źródło (terminu i kodu)
    • rdamedia
338 -Typ/rodzaj nośnika [ , ]
    • a
    • Hasło opisujące typ nośnika
    • Wolumin
    • b
    • Kod typu nośnika
    • nc
    • 2
    • Źródło (terminu i kodu)
    • rdacarrier
490 -Strefa serii i książki wielotomowej - forma nie do wyszukiwania [1, ]
    • a
    • Tytuł (P)
    • Hauptmanniana : Beiträge zur Carl-und-Gerhart-Hauptmann-Forschung ; Find
    • v
    • Numeracja (P)
    • Bd. 1
830 -Hasło dodatkowe serii i opisu książki wielotomowej - tytuł ujednolicony/tytuł [ ,0]
    • a
    • Tytuł ujednolicony/tytuł (NP)
    • Hauptmanniana
    • x
    • ISSN
    • 2191-4605
    • v
    • Oznaczenie tomu (NP)
    • Bd. 1
    • 9
    • KHW
    • 12604
500 -Uwaga ogólna [ , ]
    • a
    • Uwaga ogólna (NP)
    • Materiały z konferencji, która odbyła się w dniach 19-22 kwietnia 2006 r. we Wrocławiu.
080 -Uniwersalna Klasyfikacja Dziesiętna [ , ]
    • 9
    • UKD
    • 8139
    • a
    • Symbol klasyfikacji
    • 821.112.2(091)A/Z
    • b
    • Dopowiedzenie
    • Literatura niemiecka (historia). Poszczególni pisarze.
    • 4
    • UKD2
    • 7641
    • x
    • Poddział wspólny
    • (061)
    • c
    • Dopowiedzenie poddz. wspólnego
    • (Wydawnictwa odnoszące się do konferencji, zjazdów itd. Sprawozdania z konferencji).
    • 4
    • UKD2
    • 7631
    • x
    • Poddział wspólny
    • =112.2
    • c
    • Dopowiedzenie poddz. wspólnego
    • =Język niemiecki (wysokoniemiecki, standardowy niemiecki).
600 -Hasło przedmiotowe w formie nazwy osobowej [1,7]
    • a
    • Nazwa osobowa
    • Hauptmann, Carl
    • d
    • Daty związane z nazwą
    • (1858-1921)
    • x
    • Określnik rzeczowy
    • krytyka i interpretacja
    • v
    • Określnik formalny
    • konferencje.
    • 2
    • Źródło terminu
    • kaba
    • 9
    • KHW
    • 474574
600 -Hasło przedmiotowe w formie nazwy osobowej [1,7]
    • a
    • Nazwa osobowa
    • Hauptmann, Gerhart
    • d
    • Daty związane z nazwą
    • (1862-1946)
    • x
    • Określnik rzeczowy
    • krytyka i interpretacja
    • v
    • Określnik formalny
    • konferencje.
    • 2
    • Źródło terminu
    • kaba
    • 9
    • KHW
    • 474573
980 -Symbol UKD [ , ]
    • a
    • UKD
    • 821.112.2(061)(091)=112.2Hauptmann C., Hauptmann G.
700 -Hasło dodatkowe - nazwa osobowa [1, ]
    • a
    • Nazwa osobowa (NP)
    • Białek, Edward Find
    • d
    • Daty biograficzne (NP)
    • (1956- ).
    • e
    • Określenie rodzaju współpracy
    • Redakcja
    • 9
    • KHW
    • 12563
700 -Hasło dodatkowe - nazwa osobowa [1, ]
    • a
    • Nazwa osobowa (NP)
    • Czarnecka, Mirosława Find
    • d
    • Daty biograficzne (NP)
    • (1956- ).
    • e
    • Określenie rodzaju współpracy
    • Redakcja
    • 9
    • KHW
    • 12602
710 -Hasło dodatkowe - nazwa ciała zbiorowego [2, ]
    • a
    • Nazwa ciała zbiorowego lub nazwa geograficzna jako pierwszy element (NP)
    • Oficyna Wydawnicza Atut, Wrocławskie Wydawnictwo Oświatowe.
    • e
    • Rodzaj współpracy
    • Wydawca
    • 4
    • Kod relacji
    • pbl
    • 9
    • KHW
    • 65225
710 -Hasło dodatkowe - nazwa ciała zbiorowego [2, ]
    • a
    • Nazwa ciała zbiorowego lub nazwa geograficzna jako pierwszy element (NP)
    • Neisse Verlag.
    • e
    • Rodzaj współpracy
    • Wydawca
    • 4
    • Kod relacji
    • pbl
    • 9
    • KHW
    • 457507
920 -ISBN [ , ]
    • a
    • ISBN
    • 978-83-7432-166-2 Find
    • q
    • Dopowiedzenie
    • Atut
920 -ISBN [ , ]
    • a
    • ISBN
    • 978-3-934038-79-0 Find
    • q
    • Dopowiedzenie
    • Neisse
Numer inwentarzowy Status udost. Data inwentaryzacji Lokalizacja Sygnatura
G.18813-32010-04-23BMGerm. Literaturozn.-lit.niem. 23